000 00718nam a2200205Ia 4500
001 14726
003 GE_BSU
008 181216s||||||||xx |||||||||||||| ||und||
040 _cGE_BSU
245 _aეკონომიკა №1-2. 2015
245 _bმეცნიერება,პრაქტიკა,გამოცდილება.
245 _cმთ.რედ: რ.შენგელია
260 _aთბილისი
260 _c2015
300 _a165გვ.20სმ.
653 _aეკონომიკა №1-2. 2015
653 _aმეცნიერება,პრაქტიკა,გამოცდილება.
653 _aპერიოდიკა
942 _cCR
999 _c47852
_d47852